000 00702nam a22002057a 4500
005 20100814142910.0
010 _aENG-100299
020 _a9788128824548
_c250.00
035 _aEN-83831
037 _bDBAD/PUB
082 _a230
100 _aAdwait, Kapil
_913409
245 _a A gift of nature Kailash Mansarover /
_cby Kapil Adwait
260 _aNew Delhi
_bDiamond Pocket Books
_c2010
270 _aX-30 Okhla Industrial Area Phase-II
_bNew Delhi
_e110020
300 _a118p
_c24cm(pbk)
500 _aincludes bibliographical references
942 _2ddc
_cEN
_h230
_mADW
999 _c41916
_d41916